01573nam a2200397Ia 4500001001200000003000800012006001900020007001500039008004100054010001700095020002200112040002100134035002100155050002800176082001600204245010300220250001200323260009200335300002500427490001700452500002100469500002000490504005100510533015200561650002700713650004800740650004300788650001800831655002900849700002100878710009600899710001700995830001801012856012601030999001901156ebr10112845CaPaEBRm u cr cn|||||||||031028s2003 ncua sb 001 0 eng d z 2003279696 z0738428108 (pbk.) aCaPaEBRcCaPaEBR a(OCoLC)13734223714aQA76.76.T45bI27 2003eb04a005.7/222200aIBM Toolsh[electronic resource] :bCICS Performance Analyser V1.2 /c[Eugene Deborin ... et al.]. a1st ed. aResearch Triangle Park, NC :bIBM, International Technical Support Organization,c2003. axxii, 412 p. :bill.1 aIBM redbooks a""January 2003." a"SG24-6882-00." aIncludes bibliographical references and index. aElectronic reproduction.bPalo Alto, Calif. :cebrary,d2009.nAvailable via World Wide Web.nAccess may be limited to ebrary affiliated libraries. 0aCICS (Computer system) 0aTeleprocessing monitors (Computer programs) 0aSystems programming (Computer science) 0aIBM software. 7aElectronic books.2local1 aDeborin, Eugene.2 aInternational Business Machines Corporation.bInternational Technical Support Organization.2 aebrary, Inc. 0aIBM redbooks.40uhttp://site.ebrary.com/lib/rucke/Doc?id=10112845zAn electronic book accessible through the World Wide Web; click to view c106646d106646